[Event "77th Tata Steel Chess Masters"]
[Site "Wijk aan Zee"]
[Date "2015.01.10"]
[Round "1"]
[White "Vachier-Lagrave, Maxime"]
[Black "Hou, Yifan"]
[Result "1-0"]
[WhiteElo "2757"]
[BlackElo "2673"]
[PlyCount "108"]
[EventDate "2015.??.??"]
[EventCountry "NED"]

1. e4 e6 2. d4 d5 3. Nc3 Nf6 4. Bg5 Be7 5. e5 Nfd7 6. h4 h6 7. Bxe7 Qxe7 8. Nb5
Nb6 9. c3 a6 10. Na3 c5 11. Nf3 Nc6 12. Bd3 cxd4 13. cxd4 O-O 14. O-O f6 15.
exf6 Qxf6 16. Rc1 e5 17. dxe5 Nxe5 18. Nxe5 Qxe5 19. Qb3 Qd6 20. Qc2 Bd7 21.
Qc7 Qf6 22. Qxb7 Rfb8 23. Qc7 Qxb2 24. Qd6 Qf6 25. Qxf6 gxf6 26. Rc5 Rc8 27.
Ra5 Rc3 28. Rb1 Na4 29. Bb5 Bf5 30. Rb3 Rc1+ 31. Kh2 Nc3 32. Bc6 Rd8 33. Rc5
Nxa2 34. Rxd5 Rf8 35. Rd6 Nc3 36. Nc4 Nb5 37. Bxb5 axb5 38. Ne3 Rc5 39. Nd5 Kh8
40. Nxf6 Re5 41. f3 Re6 42. Ne4 Rb8 43. Rb4 Rxd6 44. Nxd6 Bd7 45. Kg3 Kg7 46.
Kf4 Kf6 47. g4 Ra8 48. Rb3 Rb8 49. Ne4+ Ke7 50. Nc5 Bc6 51. Na6 Rf8+ 52. Kg3
Bd5 53. Re3+ Kd6 54. Rd3 Rd8 1-0

[Event "77th Tata Steel GpA"]
[Site "Wijk aan Zee NED"]
[Date "2015.01.11"]
[Round "2"]
[White "Caruana, F."]
[Black "Saric, Iv"]
[Result "1-0"]
[WhiteElo "2820"]
[BlackElo "2666"]
[PlyCount "85"]
[EventDate "2015.01.09"]

1. e4 e5 2. Nf3 Nc6 3. Bb5 a6 4. Ba4 Nf6 5. O-O Be7 6. Re1 b5 7. Bb3 d6 8. c3
O-O 9. h3 Re8 10. d4 Bb7 {The Zaitsev Variation of the Spanish is not exactly
topping the popularity rankings nowadays, but it remains fully playable.} 11.
Nbd2 Bf8 12. d5 Nb8 13. Nf1 Nbd7 14. N3h2 {Both players were playing rather
quickly up to this point. The main line and a move that has been tried more
than 100 times is 14...Nc5, but Saric felt like deviating.} a5 {Actually this
move has only been seen twice in grandmaster play.} 15. a4 {Perhaps Caruana
was not familiar with the Saric game from 2010, because he spent a significant
amount o time fron this move forward. However his moves were good and
strategically sound.} (15. Qf3 h6 16. Be3 c6 $132 {Brkic-Saric, 2010!}) 15...
b4 16. cxb4 axb4 {In the long term Black will have problems with this passed
pawn on a4, but for now he can hope to put pressure on e4 and break the center
with c6.} 17. Bg5 {With the impending central breaks and potential weakness on
e4, it makes sense to trade this bishop off.} Be7 18. Bc4 Nc5 {Threatening 19..
.Nxd5, as unlike 18...Nxd5 the bishop on b7 is now defended at the end.} (18...
Nxd5 $4 {This standard trick doesn't work.} 19. Bxd5 Bxg5 (19... Bxd5 20. Bxe7
$18) 20. Bxb7 $18) 19. Bxf6 Bxf6 20. Bb5 Rf8 21. Nd2 Ba6 22. Nb3 $1 Bxb5 23.
Nxc5 Be8 24. Nd3 $14 {White's pair of knights is not that much inferior than
the pair of bishops yet, and with the protected passed pawn on a4 White has a
long term s trategical advantage. Black has to hurry up and open the game.} Qb8
25. b3 Bg5 26. Nf1 (26. Nf3 {was maybe more cautious.}) 26... c6 27. Nb2 f5 $1
{Certainly the correct approach.} 28. dxc6 Bxc6 (28... fxe4 29. Nc4 Qa7 $13)
29. exf5 d5 $2 {But this is way too ambitious. Black's play does not 
compensate the lack of a pawn, and he will soon be forced into the defensive.}
(29... Rxf5 30. Qc2 Qc8 31. Ng3 {and both sides still have chances.}) 30. Ne3
$1 Qb7 (30... Bxe3 31. fxe3 Rxf5 32. Rc1 Bb7 33. Nd3 {the pawn center yields
nothing to Black while his pieces look misplaced. White would hold a strong
advantage in this line.}) 31. Nd3 Rae8 32. Qg4 Bxe3 33. fxe3 Bd7 34. Qxb4 {Two
free pawns, the rest just requires some accuracy in time pressure.} Qa8 35. g4
{why not be greedy?} Qa6 36. Nc5 Qd6 37. e4 Rc8 38. Rac1 Rfd8 39. exd5 e4 40.
Re3 Qh6 41. Qe1 Bxf5 42. gxf5 Rxd5 43. Nxe4 1-0

[Event "77th Tata Steel GpA"]
[Site "Wijk aan Zee NED"]
[Date "2015.01.11"]
[Round "2"]
[White "Van Wely, L."]
[Black "Wojtaszek, R."]
[Result "1/2-1/2"]
[WhiteElo "2667"]
[BlackElo "2744"]
[PlyCount "160"]
[EventDate "2015.01.09"]

1. Nf3 d5 2. g3 c5 3. Bg2 Nc6 4. d4 e6 5. O-O Nf6 6. c4 dxc4 7. Qa4 Bd7 8. Qxc4
b5 9. Qd3 c4 10. Qd1 Rc8 11. Re1 Qb6 12. e4 Rd8 13. Bg5 h6 $5 {The start of an
amazingly complex game. This fighting signal will pit the pair of bishops and
active pieces against White's solid structure and center. Both sides have
interesting chances.} 14. Bxf6 gxf6 15. Nc3 Bc8 $5 16. d5 Bc5 17. Qd2 $1 {
Preventing Black from castling.} Ne5 (17... O-O 18. Qxh6 Bxf2+ 19. Kh1 Bxe1 20.
Rxe1 $1 {Is simply unplayable; the attack is too strong.}) 18. Nxe5 fxe5 19. b3
$5 {An interesting idea. White opens up files for the attack on the queenside
while Black's rook on h8 is stuck on the other side.} cxb3 20. Rab1 Bd4 21.
Rxb3 a6 22. Nd1 {This seems a little passive, deeper analysis might reveal a
better move. 22.Rc1 springs to mind.} exd5 23. exd5 O-O {Black has creatively
defended h6 now that the path of the queen has been opened by removing both
the f6 and e6 pawns.} 24. a4 Bd7 25. axb5 axb5 26. Nc3 Rc8 27. Reb1 Bxc3 (27...
Qg6 $1 $15 {A strong move missed by Wojtaszek. This would be awkward to meet
as Nxb5 is not a possibility.} 28. Nxb5 Rc2 $19) 28. Rxc3 Rxc3 29. Qxc3 Qd6 {
The passed pawn on d5 is blockaded, but so is the one on b5.} 30. h4 Rc8 31.
Qb2 Rb8 32. Re1 f6 {I'm not a fan of weakening the king.} (32... Re8 $11) 33.
Qc2 Kg7 $2 {The start of Wojtaszek's problems.} (33... f5 34. Qb2 e4 $11) 34.
h5 $1 Be8 35. Ra1 $1 {Despite being low on time Van Wely started playing with
vigor and accuracy.} Rd8 36. Bh3 $5 {Really pushing for Ra7.} Qb6 $2 (36... Qe7
37. Qe4 $16) 37. Be6 $1 Bxh5 38. Rc1 $2 {Missing the first of many wins.} (38.
Ra6 $1 Qxa6 39. Qc7+ Kg6 40. Qxd8 {And Black's king is completely helpless
against the multiple threats from White.}) 38... Be8 39. Qe4 h5 40. Qb4 Qd6 41.
Qa5 Kf8 $2 (41... Kg6 $1) 42. Qa7 $1 Bd7 43. Rc6 $1 {Powerful play!} Qe7 44.
Rc7 Ke8 45. Qa6 (45. Qb6 {was just a touch more exact.}) 45... b4 46. Qb6 b3
47. Qxb3 (47. Rb7 $1 $18 {Would have prevented the game continuation.}) 47...
Qd6 48. Qc2 e4 $8 49. Bxd7+ Rxd7 50. Qxe4+ (50. Rc8+ $1 Kf7 51. Qxe4 Qxd5 52.
Qe8+ Kg7 53. Qh8+ Kg6 54. Rg8+ Kf5 55. Qxh5+ Ke6 56. Re8+ Kd6 57. Qe2 {looks
very gloomy for Black.}) 50... Kd8 51. Rxd7+ Qxd7 52. Kh2 Qg4 {probably some
psychological warfare, using the fact that the opponent was low on time.} 53.
f3 $2 (53. Qxg4 hxg4 54. Kg2 Kd7 55. f3 gxf3+ (55... Kd6 56. fxg4 Kxd5 57. Kf3
Ke5 58. Ke3 Kd5 59. Kf4 Ke6 60. g5 $18) 56. Kxf3 Kd6 57. Ke4 $18) 53... Qg5 54.
Kh3 $2 (54. f4 $1 Qg4 55. d6 $18 Kd7 56. Qe7+ Kc6 57. d7 $1 Qxd7 58. Qxf6+ {is
pretty hard to hold, if not just lost.}) 54... Qc1 $1 {Here finally Wojtaszek
has strong counterplay. The king feels unsafe on h3.} 55. f4 Qf1+ 56. Kh4 Qd1
57. f5 Qd2 58. Kh3 Qd1 59. Kh2 Qd2+ 60. Kg1 Qd1+ 61. Kg2 Qd2+ 62. Kh3 Qd1 63.
d6 Qxd6 64. Qf3 Ke7 65. Qxh5 Qd5 (65... Qd3 $1) 66. Qe2+ Kf7 67. Kg4 Qd4+ 68.
Kh5 Qd5 69. Qc2 Qf3+ 70. Kh4 Kg7 71. Qc7+ Kh6 72. Qc1+ Kg7 73. Qc7+ Kh6 74.
Qf4+ Qxf4+ 75. gxf4 Kg7 76. Kg3 Kg8 77. Kf3 Kf7 78. Ke4 Ke8 79. Kd4 Kd8 80. Kc5
Kc7 1/2-1/2

[Event "77th Tata Steel GpA"]
[Site "Wijk aan Zee NED"]
[Date "2015.01.12"]
[Round "3.1"]
[White "Ding, Liren"]
[Black "Jobava, Baadur"]
[Result "1-0"]
[WhiteElo "2732"]
[BlackElo "2727"]
[PlyCount "43"]
[EventDate "2015.01.10"]

1. d4 d6 2. Nf3 Nf6 3. c4 Bf5 4. Nc3 h6 {This idea of playing Bf5 and h6 is
very uncommon, and usually not successful. A similar idea was employed by
Jobava against Mamedyarov in Tromso, but the Georgian player was annihilated
there as well.} 5. g3 Nbd7 6. Bg2 c6 7. d5 c5 8. O-O g5 $6 {Sometimes Jobava's
creativity produces spectacular and awe-inspiring games. Sometimes he shoots
himself in the foot.} 9. h4 g4 10. Ne1 Bg7 11. e4 Bh7 12. Nd3 {Black's
kingside is too weak. If he castled kingside he will slowly die.} a6 13. a4 Qc7
14. Be3 O-O-O {However castling queenside is even more suicidal.} 15. Rb1 e6 $6
(15... a5 16. Nb5 Qb8 17. b4 $5 axb4 18. e5 $1 {with a strong attack.}) 16. b4
$1 exd5 17. bxc5 $1 {Black is already completely lost.} dxc4 (17... dxc5 18.
Nxd5 Nxd5 19. cxd5 $18 {One would think White has sacrificed something to
reach this position, but he hasn't...}) 18. e5 (18. cxd6 Qxd6 19. e5 $18) 18...
Nxe5 19. Rxb7 Qa5 20. Nxe5 dxe5 21. Qa1 {White is preparing Qb2, Rc1, Rfb1,
Rxf7, c6...} Rd3 22. Qb2 (22. Qb2 Rxc3 23. Rxf7 {leaves Black defenseless
against Rxg7, Qb7+, etc etc.}) 1-0

[Event "77th Tata Steel GpA"]
[Site "Wijk aan Zee NED"]
[Date "2015.01.12"]
[Round "3.2"]
[White "Ivanchuk, Vassily"]
[Black "Van Wely, Loek"]
[Result "1-0"]
[WhiteElo "2715"]
[BlackElo "2667"]
[PlyCount "75"]
[EventDate "2015.01.10"]

1. e4 c5 2. Nf3 e6 3. d4 cxd4 4. Nxd4 Nc6 5. Nc3 d6 6. Be3 Nf6 7. Qe2 {Van
Wely started to think about how to combat this Qe2 system. In his thought
process he must have over-thought and confused himself, as the system employed
in the game must be much better for White.} a6 8. O-O-O Bd7 9. f4 Rc8 10. Kb1
Qc7 11. Nb3 $1 {Avoiding the knight trade denies Black the option of capturing
on d4 and playing e5 with a tempo.} (11. g4 Nxd4 12. Bxd4 $2 e5 $17) 11... b5
12. g4 b4 13. Na4 e5 (13... Nxe4 $2 14. Bb6 {is impossible.}) 14. g5 Bg4 15.
Qg2 Bxd1 16. Bxa6 $1 {This is a very good line for Ivanchuk. He will recover a
piece, leaving him down the exchange for a pawn but with complete board
domination.} Nd7 17. Rxd1 (17. Bxc8 Qxc8 18. Rxd1 Qa6 {seems to trap the
knight, but White has a miraculous resource.} 19. Qh3 $1 Qxa4 20. Qxd7+ Kxd7
21. Nc5+ {and White remains up a pawn. Although this is nice, I prefer the
variation in the game as it is more annoying for Black to play against.}) 17...
Ra8 18. Bb5 Be7 19. f5 $1 Qb7 20. c4 {Black has basically no moves. His
counterplay is squashed.} O-O 21. f6 Bd8 22. Rxd6 Ncb8 {Once you play this
move, you know the game is over. Ivanchuk's finishing technique was not the
most precise, technically, but far more than good enough to finish the
position off.} 23. Qg4 g6 24. h4 h5 25. Qf3 Bc7 26. Rxd7 Nxd7 27. Bxd7 Rad8 28.
Nbc5 Qa8 29. Qd1 Qa7 30. Qd5 Ra8 31. Bd2 Rfd8 32. Bxb4 Ba5 33. a3 Qc7 34. Nc3
Bxb4 35. axb4 Qa7 36. Kc2 Rac8 37. Nb5 Qa1 38. Nd6 1-0

[Event "77th Tata Steel GpA"]
[Site "Wijk aan Zee NED"]
[Date "2015.01.12"]
[Round "3.4"]
[White "Wojtaszek, Radoslaw"]
[Black "Carlsen, Magnus"]
[Result "1-0"]
[WhiteElo "2744"]
[BlackElo "2862"]
[PlyCount "103"]
[EventDate "2015.01.10"]

1. d4 d6 2. Nf3 g6 3. c4 f5 {A delayed dutch.} 4. b4 Bg7 5. Bb2 a5 6. b5 a4 $5
{This brave pawn will be weak, but it does restrict White a little. Carlsen
has to be very careful not to lose it though.} 7. e3 Nf6 8. Be2 c6 9. bxc6 bxc6
10. O-O O-O 11. Qc2 Qc7 12. Nc3 a3 13. Bc1 {White has a nice edge. His central
control and possibility to attack a3 makes Black's position very shaky. The
best he can do is sacrifice the a3 pawn and try to gain counterplay using the
open a-file, but that seems to be easier said than done.} Nbd7 14. Rb1 Ne4 {
This uses a nifty tactical resource, but Wojtaszek smartly sidesteps the
complications.} 15. Nxe4 fxe4 16. Nd2 (16. Qxe4 Nc5 $1 17. dxc5 (17. Qh4 Bf5
$132) 17... Bf5 {skewers the queen to the rook on b1.}) 16... Nf6 17. Rb3 {
White is now going to win the b3 pawn and in some lines e4 is under attack.
Black really has no compensation.} Bf5 18. Rxa3 h5 19. Rxa8 Rxa8 20. a3 h4 {
Initiating operations on the kingside is the only way to go, but it is
insufficient.} 21. Bb2 h3 22. g3 {Ignoring the pawn pushes is fine for White
as there is no way to force the trade of the bishops, the knight on d2 AND get
a queen to f3.} Qc8 23. Re1 (23. Ra1 Bg4 $1) 23... Rb8 (23... Bg4 24. Nxe4 {is
no good. Re1 is prophylaxis against Bg4.}) 24. Bc3 Nh7 25. a4 Ng5 26. Rb1 Ra8
27. Qd1 (27. Rb6 $16) 27... c5 28. Rb6 Qe6 $2 {This leads to a forced win for
White.} (28... Kh7 {still keeps Black's chances alive, though there is no
doubt that White is better.}) 29. g4 $1 {Simply put the bishop on f5 is
trapped. Black has some tricks, but that's it.} cxd4 30. Bxd4 {There is no
rush in capturing on f5, so this is more precise.} Bxd4 31. exd4 e3 32. gxf5
gxf5 (32... exf2+ 33. Kf1 $1 Qxf5 34. Qb1 {is kaput.}) 33. Nf1 exf2+ 34. Kxf2
Ne4+ 35. Ke1 {White's king is a little exposed, and with time trouble looming
the situation is tricky, but Wojtaszek handles it very well.} Qf6 36. Qd3 Rxa4
37. Rb1 $1 {Covering the first rank removes counterplay.} Qh4+ 38. Ng3 Kf7 (
38... Nxg3 39. Qxg3+ Qxg3+ 40. hxg3 h2 41. Kf2 $18) 39. Qf3 $1 Kg7 40. Qf4 $1 {
A very human reaction. The computers will tell you there are better moves out
there, but simplifying into an endgame up a piece is the simplest.} Qxf4 41.
Nh5+ Kf7 42. Nxf4 Ng5 43. d5 {The rest is relatively easy. White just needs to
untangle and put his pieces in the correct spots. f5 and h3 will eventually
work by themselves.} Kf6 44. Kf2 Ra3 45. Bd3 Ra2+ 46. Kg3 Ra3 47. Re1 Ne4+ 48.
Kf3 Ng5+ 49. Ke3 Ra2 50. Re2 Ra3 51. Rf2 Ne4 52. Rf3 1-0

[Event "77th Tata Steel GpA"]
[Site "Wijk aan Zee NED"]
[Date "2015.01.12"]
[Round "3.6"]
[White "So, Wesley"]
[Black "Aronian, Levon"]
[Result "1-0"]
[WhiteElo "2762"]
[BlackElo "2797"]
[PlyCount "107"]
[EventDate "2015.01.10"]

1. e4 e5 2. Nf3 Nc6 3. d4 exd4 4. Nxd4 Nf6 5. Nxc6 bxc6 6. e5 Qe7 7. Qe2 Nd5 8.
Nd2 Rb8 $5 {Actually an interesting alternative to modern theory. It just
shows how there is so much unexplored territory in so many openings.} (8... a5
{is a normal move.}) (8... g6 {is the most popular.}) 9. c4 Nf4 10. Qe3 Ng6 11.
f4 f6 12. Qxa7 Rb7 13. Qf2 fxe5 14. f5 Nf4 {A weird position, to say the least.
} 15. Qf3 (15. g3 Nh5 {was also possible.}) 15... Qf7 16. g3 Nh5 17. Be2 Nf6
18. g4 $5 {Hyper aggressive! It's hard to say who is better or what is going
on, but it would be fun if this variations is repeated a few more times at the
top level.} d5 19. g5 e4 (19... Ng8 {was what Aronian thought he should have
played, but this also looks dubious at least.}) (19... Ne4 $5 20. Nxe4 dxe4 21.
Qxe4 Bb4+ 22. Bd2 Bxd2+ 23. Kxd2 O-O {is incredibly complicated.}) (19... Nd7
20. Qh3 Kd8 {is not human.}) 20. Qh3 Ng8 $4 {Simply a big blunder.} (20... Nd7
21. Bh5 g6 22. Bxg6 hxg6 23. Qxh8 Nc5 $1 (23... gxf5 {is not as convincing.})
24. O-O Bxf5 {and Black seems to have good compensation for the missing
exchange.}) 21. Bh5 g6 22. fxg6 {the c8 bishop is hanging, so Black is forced
to capture on h3.} Bxh3 23. gxf7+ Kd7 24. fxg8=Q Rxg8 25. Rg1 (25. Nb3 $1 {was
easier as So pointed out after the game.}) 25... Bd6 26. cxd5 cxd5 27. Bf7 Rf8
28. Bxd5 {Black is simply down a piece and a pawn. Aronian made it complicated
by finding some accurate and annoying moves, but it never changed the
evaluation of the game.} Rb4 29. g6 hxg6 30. Rxg6 Rd4 31. Bxe4 Re8 32. Kf2 Rf8+
33. Ke2 Re8 34. Kf2 Rf8+ 35. Ke3 c5 36. Rg7+ Kd8 37. Ke2 Bc8 38. Bf3 Ba6+ 39.
Kf2 Rh4 40. Nf1 Kc8 41. Be3 Rh3 42. Nd2 Rxh2+ 43. Kg1 Rxd2 44. Bg4+ Kb8 45.
Bxd2 Be5 46. Re7 Bd4+ 47. Be3 Rg8 48. Bxd4 Rxg4+ 49. Kf2 Rxd4 50. Rh1 Bb7 51.
Rh8+ Ka7 52. Ke3 Rb4 53. b3 c4 54. Rh4 1-0

[Event "77th Tata Steel GpA"]
[Site "Wijk aan Zee NED"]
[Date "2015.01.12"]
[Round "3.7"]
[White "Saric, Ivan"]
[Black "Hou, Yifan"]
[Result "1/2-1/2"]
[WhiteElo "2666"]
[BlackElo "2673"]
[PlyCount "60"]
[EventDate "2015.01.10"]

1. e4 c5 2. Nf3 g6 3. d4 cxd4 4. Qxd4 Nf6 5. e5 Nc6 6. Qa4 Nd5 7. Qe4 Nb6 8.
Nc3 Bg7 9. Bf4 d5 10. exd6 Bf5 11. Qe2 O-O 12. O-O-O exd6 13. Rxd6 Qc8 14. Qb5
Re8 15. h4 h5 16. a4 $2 {A weird decision.} Bxc3 $1 17. bxc3 Re4 $1 {Obviously
strong, White's position is collapsing.} 18. Be3 Qf8 $2 {Almos inexplicable.} (
18... Rxa4 $1 19. Nd4 Ne5 $3 {Is winning. We will leave the variatinos for the
reader to figure out. This is, however, not the only way to win for Black,
simply the most exact and prettiest. 18...Ra1+ followed by 19...Ra5 is good
enough as well.}) 19. Bc5 Qh6+ 20. Be3 Qf8 21. Bc5 Qh6+ 22. Be3 Rxe3 23. fxe3
Qxe3+ 24. Rd2 a6 25. Qb3 Na5 26. Qb4 Nc6 27. Qa3 Na5 28. Qb4 Nc6 29. Qa3 Na5
30. Qb4 Nc6 1/2-1/2

[Event "77th Tata Steel GpA"]
[Site "Wijk aan Zee NED"]
[Date "2015.01.13"]
[Round "4"]
[White "Jobava, Ba"]
[Black "Saric, Iv"]
[Result "0-1"]
[WhiteElo "2727"]
[BlackElo "2666"]
[PlyCount "76"]
[EventDate "2015.01.09"]

1. d4 d5 2. c4 c6 3. Nc3 Nf6 4. Nf3 e6 5. Bg5 h6 6. Bxf6 Qxf6 7. e3 g6 8. e4 $5
{Even though this idea looks bizarre, to play e3 and only then e4, it has been
employed in the past by a very strong player...} dxe4 9. Nxe4 Bb4+ {White's
point is that the only way to punish the e4 advance is with this check, but in
that case the move g6 might not be desirable.} 10. Ke2 Qe7 (10... Qf4 11. Qd3
Be7 12. g3 Qc7 13. Bg2 {Gave White a slight edge in the game Kramnik-Leko,
2009. Though admittedly that was a blitz game.}) 11. c5 O-O 12. Qa4 {part of
the point is that Black's bishop is nearly trapped, so White will try to use
the time while Black saves it to improve his position.} Na6 13. a3 b5 (13... e5
$5 14. axb4 exd4 15. Kd3 Bf5 16. Nfd2 Nc7 {Gives Black compensation, but it is
hard to say exactly how much.}) 14. Qb3 Ba5 15. Ne5 Nb8 {Black has kept all
his material, but it feels something has gone wrong. He was unable to exploit
the king position on e2 and White now has a nice bind all over the place.} 16.
Qg3 (16. Qe3 $1) 16... Bc7 17. Ke3 $2 {Sometimes, however, Jobava just
oversteps his limits...} (17. f4 $1 Rd8 18. Rd1 Bb7 19. h4 $1 h5 20. Qg5 $16 {
White's bind is strong. The bishop on b7 is garbage and the rest is suffering
for Saric.}) 17... g5 $1 {Creating swift counterplay. The threat of f5 is very
real.} 18. f4 f5 19. h4 {A valiant attempt, but it doesn't come close to
working.} Bxe5 20. dxe5 fxe4 21. hxg5 hxg5 22. Rh5 Rf5 {White simply lacks
enough pieces to form an attack.} 23. Be2 Qg7 24. fxg5 Nd7 25. Rah1 Nf8 {Now
there is no chance of creating a threat.} 26. Rh8+ (26. Qh2 Ng6 27. g4 Rf7 28.
Rh6 Kf8 29. Rh7 Qxh7 30. Qxh7 Rxh7 31. Rxh7 {was perhaps the best hope, though
White remains down a piece.}) 26... Qxh8 27. Rxh8+ Kxh8 28. Kxe4 Bd7 29. Ke3
Rf7 30. Qh4+ Kg8 31. Qe4 Rc8 32. a4 bxa4 33. Qxa4 Rb8 34. b4 Rf5 35. Bf3 Rxe5+
36. Kd4 Rxg5 37. Kc3 Rc8 38. Qxa7 Rg7 {perhaps an odd time to resign, but
Black does have a winning position.} 0-1